|
|
|
|
| LEADER |
00932nam a2200241 a 4500 |
| 001 |
c000410344 |
| 003 |
CARM |
| 005 |
00000000000000.0 |
| 008 |
911205c19751974nyu 000 0 eng d |
| 019 |
1 |
|
|a 7028075
|
| 020 |
|
|
|a 0844806013
|
| 040 |
|
|
|a VDU
|b eng
|c VDU
|
| 082 |
0 |
4 |
|a 574.87
|2 20
|
| 245 |
0 |
0 |
|a Laboratory manual of cell biology /
|c edited for the British Society for Cell Biology by D. O. Hall and Shirley E. Hawkins.
|
| 260 |
|
|
|a New York :
|b Crane, Russak & Co.,
|c 1975, c1974.
|
| 300 |
|
|
|a 281 p. :
|b ill. ;
|c 25 cm.
|
| 650 |
|
0 |
|a Cytology
|x Laboratory manuals.
|
| 700 |
1 |
|
|a Hall, D. O.
|q (David Oakley)
|
| 700 |
1 |
|
|a Hawkins, Shirley E.
|
| 710 |
2 |
|
|a British Society for Cell Biology.
|
| 852 |
8 |
|
|b CARM
|h A3:AF32F0
|i C12720
|p 0566870
|f BK
|
| 999 |
f |
f |
|i 645bda45-2732-526d-9d3c-a2eed8ebe4d8
|s 4f6d67a5-81bd-5086-8983-d7b9c8863a53
|
| 952 |
f |
f |
|p Can circulate
|a CAVAL
|b CAVAL
|c CAVAL
|d CARM 1 Store
|e C12720
|f A3:AF32F0
|h Other scheme
|i book
|m 0566870
|